000 00464nam a2200169Ia 4500
008 090711s9999 xx 000 0 und d
082 _b79562
100 _aकोटक वजु
245 _aप्रभात पुष्प
260 _c1996
300 _a271
600 _aकोटक वजु
630 _aप्रभात पुष्प
700 _aकोटक वजु
730 _aप्रभात पुष्प
942 _cBOOK
999 _c314673
_d314673